Gratiani canones genuini ab apocryphis discreti, Corrupti ad emendationum codicum fidem exacti, difficiliores commoda...

Detalles Bibliográficos
Autor principal: BERARDO, Carlos Sebastián
Formato: Libro
Publicado: Madrid 1783
Materias:
Colección:Banco de datos
Acervo:Biblioteca del Ex Convento de Nuestra Señora de Guadalupe. Zacatecas
Descripción Física:t. IV, 3a. parte
Tema general:Derecho Civil
Notas:Buena. III,6,6(835). Sin marca de fuego
LEADER 00794nam a22002050004500
035 |a 39208 
036 |a 392 
100 1 |a BERARDO, Carlos Sebastián 
245 1 0 |a Gratiani canones genuini ab apocryphis discreti, Corrupti ad emendationum codicum fidem exacti, difficiliores commoda... 
260 |a Madrid  |b imp. Miguel Escribano  |c 1783 
300 |a t. IV, 3a. parte 
500 |a Buena. III,6,6(835). Sin marca de fuego 
650 1 0 |a Derecho Civil 
949 |a CRZ-CG 
959 |a Ex convento de Nuestra Señora de Guadalupe, Museo Regional de Zacatecas, Zacatecas  |b CCC4 
960 |a Convento de Nuestra Señora de Guadalupe, Zacatecas  |b DD87 
961 |a Franciscana  |b OF 
942 |c CRZ-CG 
943 |g Biblioteca del Ex Convento de Nuestra Señora de Guadalupe. Zacatecas 
999 |c 963335  |d 963335